Bí ẩn về văn hóa nhân vật lịch sử

Zapisane w:
Opis bibliograficzny
1. autor: Dương, thu Ái
Kolejni autorzy: Nguyễn Kim Hanh (Dịch)
Format: Książka
Język:English
Vietnamese
Wydane: Hà Nội Công an nhân dân 2004
Hasła przedmiotowe:
Etykiety: Dodaj etykietę
Nie ma etykietki, Dołącz pierwszą etykiete!
Thư viện lưu trữ: Trung tâm Học liệu Lê Vũ Hùng, Trường Đại học Đồng Tháp
LEADER 00759pam a22002418a 4500
001 00041637
008 170505s1996 ||||||engsd
005 20180618100631.0
020 # # |c 36000 
041 0 # |a vie 
082 0 4 |a 920  |b B300 
100 1 # |a Dương, thu Ái 
245 1 0 |c Dương thu Ái; Nguyễn Kim Hanh  |a Bí ẩn về văn hóa nhân vật lịch sử 
260 # # |c 2004  |a Hà Nội  |b Công an nhân dân 
300 # # |a 352 tr.  |c 21 cm. 
653 # # |a Danh nhân 
653 # # |a Lịch sử 
653 # # |a Văn minh 
653 # # |a văn hóa 
700 1 # |a Nguyễn Kim Hanh  |e Dịch 
852 # # |j KD.0023694 
910 |d 18/06/2018 
980 # # |a Trung tâm Học liệu Lê Vũ Hùng, Trường Đại học Đồng Tháp